| Tag |
First Indicator |
Second Indicator |
Subfields |
| LEADER |
00000cam a2200000 4500 |
| 001 |
in00000021949 |
| 005 |
20151007063814.0 |
| 008 |
770507s1952 nyua 00000 eng |
| 010 |
|
|
|a 52012703
|
| 035 |
|
|
|a (OCoLC)02947773
|
| 035 |
|
|
|9 AAD8291AM
|
| 040 |
|
|
|a DLC
|c DMM
|d TXA
|d UtOrBLW
|
| 049 |
|
|
|a TXAM
|c [263560]
|
| 050 |
|
0 |
|a PS3505.H478
|b M5 1952
|
| 082 |
0 |
|
|a 812.5
|
| 092 |
|
|
|a 812
|b C487m
|
| 100 |
1 |
|
|a Chase, Mary,
|d 1907-1981.
|
| 245 |
1 |
0 |
|a Mrs. McThing :
|b a play /
|c Illus. by Madeleine Gekiere and Helen Sewell.
|
| 264 |
|
1 |
|a New York :
|b Oxford University Press,
|c 1952.
|
| 300 |
|
|
|a 141 pages :
|b illustrations ;
|c 24 cm.
|
| 336 |
|
|
|a text
|b txt
|2 rdacontent
|
| 337 |
|
|
|a unmediated
|b n
|2 rdamedia
|
| 338 |
|
|
|a volume
|b nc
|2 rdacarrier
|
| 999 |
|
|
|a MARS
|
| 999 |
f |
f |
|s f3654489-a5e0-3ad4-ab1f-7d6d797125c6
|i e95c2734-13f6-38c1-bc10-361ebe6b09a4
|t 0
|
| 952 |
f |
f |
|p ric
|a Texas A&M University
|b Rellis Campus
|c Joint Library Facility
|d Remote Storage
|t 0
|e PS3505.H478 M5 1952
|h Library of Congress classification
|i unmediated -- volume
|m A14801223666
|
| 998 |
f |
f |
|a PS3505.H478 M5 1952
|t 0
|l Remote Storage
|